Statistics for Wives of King Henry VIII

Click here to take the quiz!

General Stats

  • This quiz has been taken 18,381 times
  • The average score is 5 of 6

Answer Stats

# Fate Wife % Correct
2BeheadedAnne {Boleyn}
96%
1BanishedCatherine of {Aragon}
94%
3Died after childbirthJane {Seymour}
80%
4Marriage not consummatedAnne of {Cleves}
75%
6WidowedCatherine {Parr}
67%
5BeheadedCatherine {Howard}
55%

Score Distribution

Percentile by Number Answered

Percent of People with Each Score

Your Score History

You have not taken this quiz